Score 0/12 Timer 01:00
1 Play Today
% Correct
American
87.3%
Forward
86.1%
Rough
82.4%
Time
80.1%
Faith
80%
Stories
79.7%
Life
67.2%
Defeat
67%
Rebellion
63%
Dreams
62%
Decision
59.7%
Year
37.3%

Today's Daily Dose

Remove Ads.
Support Sporcle.
Get the best of Sporcle when you Go Orange. This ad-free experience offers more features, more stats, and more fun while also helping to support Sporcle. Thank you for becoming a member.

You're not logged in!

Compare scores with friends on all Sporcle quizzes.
OR
Log In

Show Comments

Extras

Top Quizzes Today


Score Distribution

Your Account Isn't Verified!

In order to create a playlist on Sporcle, you need to verify the email address you used during registration. Go to your Sporcle Settings to finish the process.

Report this User

Report this user for behavior that violates our Community Guidelines.

Details: